000 00529nam a2200205Ia 4500
008 210210b2005 xxu||||| |||| 00| 0 eng d
020 _a0195669855
041 _aeng
082 _a658.4038 JAIM
100 _aJAISWAL (Mahadeo)
245 _aManagement information system
260 _aNew Delhi
_bOxford University Press
_c2005
300 _axvi--624
650 _asystem
650 _aManagement
650 _ainformation
690 _aManagement Information System
700 _aMITAL ( Monika)
906 _aSG05201
999 _c136550
_d136550